| 000 -LEADER |
| fixed length control field |
00323nam a2200133Ia 4500 |
| 008 - FIXED-LENGTH DATA ELEMENTS--GENERAL INFORMATION |
| fixed length control field |
190723s9999 xx 000 0 und d |
| 020 ## - INTERNATIONAL STANDARD BOOK NUMBER |
| International Standard Book Number |
978-93-325-8761-8 |
| 100 ## - MAIN ENTRY--PERSONAL NAME |
| Personal name |
Brookshear J.Glenn |
| 245 #0 - TITLE STATEMENT |
| Title |
Computer Science : An overview |
| 250 ## - EDITION STATEMENT |
| Edition statement |
12th |
| 260 ## - PUBLICATION, DISTRIBUTION, ETC. (IMPRINT) |
| Place of publication, distribution, etc |
India |
| Name of publisher, distributor, etc |
Pearson |
| Date of publication, distribution, etc |
2017 |
| 300 ## - PHYSICAL DESCRIPTION |
| Extent |
640.:p |
| 942 ## - ADDED ENTRY ELEMENTS (KOHA) |
| Koha item type |
Books |